[Event "FIDE World Cup-C"]
[Site "Hyderabad"]
[Date "2002.10.13"]
[Round "4"]
[White "Al Modiahki, Mohamad"]
[Black "Anand, Viswanathan"]
[Result "0-1"]
[WhiteElo "2550"]
[BlackElo "2755"]
[Annotator "Anand,V"]
[PlyCount "70"]
[EventDate "2002.10.05"]
[EventType "tourn"]
[EventRounds "5"]
[EventCountry "IND"]
[EventCategory "16"]
[SourceTitle "CBM 092"]
[Source "ChessBase"]
[SourceDate "2003.02.06"]
[SourceVersion "1"]
[SourceVersionDate "2003.02.06"]
[SourceQuality "1"]

{After my win against Kasimdzhanov the previous day, we were both back on 50%
and Sasikiran was the sole leader with +2. Al-Modiahki was in 2nd place with
+1, so it was still a very tight race for the 2nd qualifying place.} 1. e4 c5
2. Nf3 d6 3. d4 cxd4 4. Nxd4 Nf6 5. Nc3 a6 6. f4 {Of course, it's rare to see
anything other than 6.Be3 these days, but he had just beaten Hamdouchi with it,
so I wasn't caught off guard.} Qc7 7. Nf3 Nbd7 8. a4 g6 9. Bd3 Bg7 10. O-O O-O
11. Kh1 {Typical Sicilian move. However, if White wanted to threaten e4-e5,
then perhaps he should have started with 11.Qe2.} b6 12. Qe2 {White usually
goes for Qe1-h4, but Al-Modiahki had another idea in mind.} Bb7 {This stops
e4-e5, so that Black doesn't have to pause for e6.} 13. Bd2 Nc5 14. b4 {
Consistent, since White can't go to h4 anymore.} Ncd7 {14...Nxd3 is also fine,
but I felt that the loss of time wasn't really significant, since White still
can't play e5. Also, White's queenside is looking a bit shaky.} 15. a5 b5 ({
I didn't waste too much time on} 15... Nh5 16. Nd5 Bxd5 17. exd5 Bxa1 18. Rxa1
{It seemed to me that White has enough compensation here.}) 16. Rac1 {White
wants to play c4.} Rae8 {So Black responds in the centre.} (16... e5 {This was
also playable} 17. fxe5 ({Of course not} 17. Nd1 d5) 17... Nxe5 18. Nxe5 dxe5
19. Nd1 Nh5) 17. Nd1 e5 18. c4 bxc4 19. Rxc4 $6 (19. Bxc4 Qb8 20. Bxa6 Bxa6 21.
Qxa6 Nxe4 22. Rb1) 19... Qb8 20. fxe5 d5 $1 {A nice trick, even if it isn't as
good as I thought.} 21. exd5 ({Of course} 21. exf6 Nxf6 $1 {is better for
Black.}) 21... Nxe5 22. Nxe5 Rxe5 23. Qf2 Rxd5 {This looks like a dream
position - all Black's pieces seem ideally placed.} (23... Bxd5 24. Rf4 Ne4 25.
Bxe4 Bxe4 (25... Rxe4 26. Nc3 $1 Rxf4 27. Bxf4 Qb7 28. Nxd5 Qxd5 $11) 26. Bc3
Bd3 27. Rg1 Rf5 28. Rxf5 Bxf5 29. Bxg7 Kxg7 $11) 24. Bc2 {Hereabouts, I began
to realize that White's position is quite resilient.} Qd8 (24... Rh5 25. Bf4 $1
(25. Qf4 Qd8 $1 {Followed by Nd5 and Be5} (25... Nd5 26. Qxb8 Rxb8 27. Be4 $11)
) 25... Ng4 26. Bxb8 Nxf2+ 27. Nxf2 Rxb8 28. Be4 Bc8 29. Nd3 {Black has the
two bishops, but it's difficult to see what he can do with it.}) (24... Rfd8
25. Bc3 (25. Bf4 Qa8 26. Nc3 (26. Ne3 Rd2) 26... R5d7 27. Na4) 25... Rh5 26.
Rh4 Bxg2+ 27. Kxg2 Qb7+) 25. Bc1 $1 (25. Bc3 Rg5 26. Ne3 Nd5) 25... Re8 26. Nc3
Rh5 27. Kg1 $1 {After some thought, the king gets out of the crosshairs of the
Bb7.} Kh8 $1 {While he was thinking I came up with this move.   One idea is
that Qxf7 isn't check, but in fact the main idea was to pass the move back to
him.I couldn't see any useful moves with the other pieces, so...} 28. Qb6 {
He again invested a lot of time, so at least 27...Kh8 had the desired effect!}
Qb8 29. Rc7 (29. Qc7 Qxc7 30. Rxc7 Ng4 $1 $17 31. Rxb7 $2 Bd4+) 29... Ng4 30.
Bf4 Qd8 31. Rc4 {Here I couldn't see anything for Black.} Qh4 $2 {However,
since he was down to 7 seconds, I couldn't resist just bashing out this move.}
(31... Qa8 32. Be4) (31... Qxb6+ 32. axb6 Bxc3 33. Bd1 $1) 32. Bg3 $2 {Since
he was so short of time, he might have wanted to repeat, but...} (32. Qxb7 Nxh2
33. Qc6 $1 {This move kicks Black away from the e-file.} (33. Qxf7 $4 Nf3+ {
even loses}) 33... Rf8 34. g3 $18) 32... Qg5 $1 33. Bf4 (33. Qxb7 Qe3+ 34. Bf2
Nxf2 35. Rxf2 Qxc3 $1 $19) 33... Rxh2 $1 {Of course, Black doesn't have to
return to h4} 34. Qxb7 $2 (34. Bxh2 {This was still playable.} Nxh2 (34... Bxg2
35. Bf4 $1) 35. Ne4 (35. Qxb7 Nxf1) 35... Qh6 $1 36. Nd6 {and now Fritz
recommends:} (36. Qxb7 Ng4 $17) 36... Bd5 $1 {Black seems to be OK.}) 34... Qh5
{Now he had built up some time to think, but it's too late.} 35. g3 Rxc2 {
I saw that 35...Rf2 was quicker, but after all the excitement of the last few
moves, I couldn't bring myself to do it.  Kasimdzhanov beat Sasikiran, so that
all three of us were on +1 going into the last round and Al-Modhiaki and
Hamdouchi on 50%. This produced a situation where 5 of use could theoretically
qualify. In the end, after some adventures, Kasimdzhanov and I qualified for
the knockout stage!} (35... Rxc2 36. Qh1 Qxh1+ 37. Kxh1 Rxc3) 0-1

[Event "Buenos Aires Sicilian"]
[Site "Buenos Aires"]
[Date "1994.10.19"]
[Round "6"]
[White "Polgar, Judit"]
[Black "Anand, Viswanathan"]
[Result "0-1"]
[WhiteElo "2630"]
[BlackElo "2720"]
[Annotator "Anand,V"]
[PlyCount "74"]
[EventDate "1994.10.12"]
[EventType "tourn"]
[EventRounds "14"]
[EventCountry "ARG"]
[EventCategory "18"]
[SourceTitle "CBM 044"]
[Source "ChessBase"]
[SourceDate "1995.02.01"]
[SourceVersion "1"]
[SourceVersionDate "1995.02.01"]
[SourceQuality "1"]

1. e4 c5 2. Nf3 d6 3. d4 cxd4 4. Nxd4 Nf6 5. Nc3 a6 6. f4 e5 7. Nf3 Nbd7 8. a4
Be7 9. Bd3 O-O 10. O-O Nc5 11. Kh1 exf4 12. Bxf4 Bg4 13. Qe1 Rc8 14. Nd4 (14.
Bc4 $2 Ncxe4) 14... Qb6 $1 {/\ Nd3} 15. Be2 $5 (15. a5 Nxd3 (15... Qxb2 $6 16.
Bd2 $1) 16. axb6 Nxe1 17. Raxe1 Rc4 $1 $132) 15... Bxe2 16. Qxe2 Rfe8 $1 17.
Nf5 Qxb2 18. Nd5 Nxd5 19. Qg4 $1 (19. exd5 Bf6 20. Qg4 (20. Qf3 Qxc2) 20... Ne4
$1 21. Nh6+ (21. Rab1 $2 Nf2+ $1) (21. Rac1 Nf2+ $1 22. Rxf2 Qxc1+ 23. Bxc1
Re1+) 21... Kf8 22. Rae1 $2 Nf2+ $1 23. Kg1 Qb6 $3 $19 (23... Nxg4 $2 24. Bxd6+
Re7 25. Bxe7+ Bxe7 26. Rxf7+ Ke8 27. Rfxe7+ Kf8 28. Rf7#)) 19... Qf6 $1 20.
exd5 Bf8 $1 21. Nh6+ Kh8 22. Be3 Qg6 23. Nxf7+ Kg8 24. Qh3 (24. Qxg6 hxg6 25.
Bxc5 Rxc5 26. Ra3 Rxd5 27. g4 Re6 $1 {/\ Rf6-/+}) 24... Ne4 $1 25. Rf3 h5 $3
26. Raf1 Qg4 27. Bd4 Qxh3 28. Rxh3 Rc7 29. Rhf3 Nd2 30. Ng5 Nxf3 31. gxf3 Rxc2
32. Ne6 Rec8 33. Be3 Re2 34. Bf4 Ra2 35. Rg1 Rxa4 36. Bh6 Kh8 37. Nxg7 Kh7 0-1

[Event "Olympiad-37"]
[Site "Turin"]
[Date "2006.05.23"]
[Round "3"]
[White "Tiviakov, Sergei"]
[Black "Atalik, Suat"]
[Result "1/2-1/2"]
[WhiteElo "2669"]
[BlackElo "2632"]
[Annotator "Atalik,S"]
[PlyCount "66"]
[EventDate "2006.05.21"]
[EventType "team-swiss"]
[EventRounds "13"]
[EventCountry "ITA"]
[SourceTitle "CBM 113"]
[Source "ChessBase"]
[SourceDate "2006.07.31"]
[SourceVersion "1"]
[SourceVersionDate "2006.07.31"]
[SourceQuality "1"]
[WhiteTeam "Netherlands"]
[BlackTeam "Turkey"]
[WhiteTeamCountry "NED"]
[BlackTeamCountry "TUR"]

1. e4 c5 2. Nf3 {Sergey may always go for an Open Sicilian as well Alapin.} d6
3. d4 cxd4 4. Nxd4 Nf6 5. Nc3 a6 6. f4 {Not the most popular one but there is
no clear way to equalise against it either.} e5 7. Nf3 Nbd7 8. a4 Be7 9. Bd3
O-O 10. O-O exf4 11. Kh1 Nh5 12. Nd4 g6 $5 (12... Ndf6 13. Be2 g6 {may also
teach the same position.}) 13. Be2 Ndf6 14. Nf5 Be6 $1 (14... gxf5 15. Bxh5
fxe4 16. Bxf4 $44) 15. Nxe7+ Qxe7 {Black has lost the dark squared bishop but
will white be able to exploit the weakness in a1-h8 diagonal.} 16. Bxh5 $5 {
This is a different approach than mine.I would have definitely gone for a
checkmate attempt.} (16. Bxf4 Nxf4 17. Rxf4 Nd7 $11) (16. Qd4 Rac8 (16... Bg4
$6 17. Bxg4 (17. Bxf4 $2 Bxe2 18. Bxd6 Qe6 19. Nxe2 Rad8 20. e5 Ne8 21. Nc3
Nxd6 22. exd6 Qxd6 $11) 17... Nxg4 18. Bxf4 Nxf4 19. Rxf4 Qe5 20. Qd2 Qg5 21.
Raf1 $16) 17. b3 Qc7 (17... Rxc3 $5 {I have thought during the game that this
was winning but things are far from that.} 18. Qxc3 Ng3+ 19. hxg3 Nxe4 20. Qe1
(20. Qf3 Nxg3+ 21. Kg1 Bd5 22. Qxd5 Nxe2+ 23. Kf2 Re8 24. Rh1 (24. Bd2 $4 Qh4+)
24... Qc7 25. Ba3 (25. c4 Re5 26. Qxe5 dxe5 27. Kxe2 Qc6 $44) 25... Qb6+ 26.
Bc5 dxc5 27. a5 Qc7 28. Rae1 Re5 29. Qc4 Ng3) 20... fxg3 21. Rf4 Nf2+ 22. Kg1
Bg4 23. Rxg4 Nxg4 24. Bd2 Qh4 25. Bxg4 Qh2+ 26. Kf1 Qh1+ 27. Ke2 Re8+ 28. Kf3
Rxe1 29. Rxe1 Qh4 30. Re8+ Kg7 31. Bc3+ Kh6 $13 {is an insane line.}) 18. Bb2
Qc5 $132) (16. b3 Qc7 (16... Rac8 $5 17. Bb2 Qc7 (17... Rxc3 $2 18. Bxc3 Nxe4
19. Be1 {makes a great difference.}) 18. Qd2 Rfd8 19. Bxh5 Nxh5 20. Ne2 d5 21.
Qd4 f6 22. Nxf4 Nxf4 23. Qxf6 Rf8 24. Qd4 dxe4 25. g3 Qe7 $1 $13) 17. Bb2 Qc5
$11) 16... Nxh5 17. Bxf4 Nxf4 18. Rxf4 Rac8 (18... b5 19. Qd4) 19. Qd2 (19. Qd4
Rc4) 19... Qg5 $1 $11 {Black did not allow his opponent to have a positional
bind.} 20. Rd1 Rfd8 21. h3 b5 22. axb5 axb5 23. Rf2 Qc5 $1 (23... Qe5 $6 24.
Qd4 b4 25. Nd5 Bxd5 26. exd5 Qxd4 27. Rxd4 $14) 24. Qf4 Qe5 $1 {Careful play.}
(24... b4 $6 25. Nd5 Bxd5 26. Rxd5 Qa7 27. Qf6) (24... Qb4 $2 25. Nd5 Bxd5 26.
Rxd5 f5 27. Rxf5 $1 $18 (27. exf5 $2 Qxf4 28. Rxf4 Rxc2 29. Rxb5 d5 30. fxg6 d4
31. gxh7+ Kxh7 32. Rg5 Rc6 $11 {and the d pawn gives some serious compensation
for the material loss.})) 25. Qxe5 dxe5 26. Rxd8+ Rxd8 27. Nxb5 Rb8 28. Nc7
Rxb2 29. Nxe6 fxe6 $11 {Noone is better.} 30. Kg1 Rb1+ 31. Rf1 Rb4 32. Rf6 $1 {
White has also show some careful play.} (32. Rc1 $2 Kf7 $1 (32... Rxe4 33. c4
Kf7 34. c5 Ke7 35. c6 Kd8 36. c7+ Kc8 37. Rc6 Rf4 38. Rxe6 Kxc7 $11) 33. c4 Ke7
34. c5 Kd7 $17) (32. Re1 $2 Rc4 33. Re2 Rc3 34. Kf2 Kf7 35. Ke1 Ke7 36. Kd2 Rg3
$17) 32... Rxe4 33. Rxe6 Rc4 1/2-1/2

[Event "Schlechter Memorial"]
[Site "Vienna"]
[Date "1996.??.??"]
[Round "6"]
[White "Kindermann, Stefan"]
[Black "Miniboeck, Guenter"]
[Result "1/2-1/2"]
[WhiteElo "2530"]
[BlackElo "2355"]
[Annotator "Balinov,I"]
[PlyCount "69"]
[EventDate "1996.10.10"]
[EventType "swiss"]
[EventRounds "9"]
[EventCountry "AUT"]
[SourceTitle "CBM 055 Extra"]
[Source "ChessBase"]
[SourceDate "1997.01.01"]
[SourceVersion "1"]
[SourceVersionDate "1997.01.01"]
[SourceQuality "1"]

1. e4 c5 2. Nf3 d6 3. d4 cxd4 4. Nxd4 Nf6 5. Nc3 a6 6. f4 e5 7. Nf3 Nbd7 8. a4
Be7 9. Bd3 O-O 10. O-O Nc5 (10... exf4 11. Bxf4 Qb6+ 12. Kh1 Qxb2 13. Nd5 Nxd5
14. exd5 $13) 11. Kh1 exf4 (11... d5 $5) 12. Bxf4 Bg4 {Nunn} 13. Be3 Rc8 14.
Qe1 Bh5 15. Nd4 Ng4 16. Nd5 (16. Bg1 $5) 16... Bh4 17. Qd2 Re8 18. Nf5 Nxe3 19.
Qxe3 Bg6 20. Qd4 Re5 21. a5 Bxf5 22. Rxf5 Rxf5 23. exf5 Nxd3 24. Qxd3 Bf6 25.
c3 Be5 26. g3 Qe8 $14 27. Kg1 Kh8 28. b4 g6 29. Rf1 gxf5 30. Rxf5 $5 Qe6 31.
Rf1 Kg7 32. Kg2 Qg6 33. Rf3 Qxd3 34. Rxd3 f5 35. Kf3 $10 1/2-1/2

[Event "HUN-chT 9697"]
[Site "Hungary"]
[Date "1997.??.??"]
[Round "9"]
[White "Fogarasi, Tibor"]
[Black "Beliavsky, Alexander G"]
[Result "0-1"]
[WhiteElo "2450"]
[BlackElo "2620"]
[Annotator "Beliavsky,A"]
[PlyCount "82"]
[EventDate "1996.??.??"]
[EventType "team"]
[EventRounds "12"]
[EventCountry "HUN"]
[SourceTitle "CBM 058"]
[Source "ChessBase"]
[SourceDate "1997.06.01"]
[SourceVersion "1"]
[SourceVersionDate "1997.06.01"]
[SourceQuality "1"]

1. e4 c5 2. Nf3 d6 3. d4 cxd4 4. Nxd4 Nf6 5. Nc3 a6 6. f4 e5 7. Nf3 Nbd7 8. a4
Be7 9. Bd3 O-O 10. O-O Nc5 11. Kh1 d5 12. Nxe5 Ncxe4 $1 13. Be3 $5 (13. Bxe4
dxe4 14. Qe2 Qd4 15. a5 Bd8 16. Be3 Qb4 17. Ra4 Qe7 $13 18. Nxe4 Nxe4 19. Rxe4)
(13. Qe2 $5) 13... Bf5 14. Ne2 (14. Bd4 Nxc3 15. Bxc3 Bxd3 16. Qxd3 Ne4 $132)
14... Nd6 15. a5 (15. Nd4 Be4 $13) (15. Ng3 Be4 16. Bd4 $14) 15... Bxd3 16.
cxd3 (16. Qxd3 $14) 16... Nd7 17. Qa4 $6 (17. Qb3 $1 Nb5 18. Nd4 Nxe5 19. fxe5
Nxd4 20. Bxd4 Qd7 21. Rf3 $36) 17... Nb5 18. Nd4 Bc5 19. Nf5 Bxe3 20. Nxe3 Re8
$15 21. Nxd7 (21. d4 f6 22. Nxd7 Qxd7 $15) 21... Qxd7 22. Rae1 Re7 $15 23. Qd1
Rae8 24. Nc2 Qc7 $1 25. Qd2 h6 26. g3 Rxe1 27. Rxe1 Rxe1+ 28. Nxe1 Nd4 $17 29.
Qe3 $2 (29. b4 Qe7 30. Kg2 Nc6 31. Nc2 d4 {/\Qe6-a2-/+}) 29... Qxa5 $19 30.
Qxd4 Qxe1+ 31. Kg2 Qe2+ 32. Kg1 Qf3 33. Qc3 Kh7 34. b4 h5 $1 35. Qd4 f6 36. Qc3
h4 $19 37. gxh4 Qg4+ 38. Kh1 Qxf4 39. Kg2 Qg4+ 40. Kh1 Qxh4 41. Kg2 Qg5+ 0-1

[Event "Poikovsky Karpov 17th"]
[Site "Poikovsky"]
[Date "2016.07.28"]
[Round "5"]
[White "Smirin, Ilia"]
[Black "Korobov, Anton"]
[Result "0-1"]
[WhiteElo "2676"]
[BlackElo "2656"]
[Annotator "Besenthal,K"]
[PlyCount "84"]
[EventDate "2016.07.23"]
[EventType "tourn"]
[EventRounds "9"]
[EventCountry "RUS"]
[EventCategory "18"]
[SourceTitle "CBM 174"]
[Source "ChessBase"]
[SourceDate "2016.09.13"]
[SourceVersion "1"]
[SourceVersionDate "2016.09.13"]
[SourceQuality "1"]

1. e4 c5 2. Nf3 d6 3. d4 cxd4 4. Nxd4 Nf6 5. Nc3 a6 6. f4 Qc7 7. a4 g6 8. Be2
Bg7 9. O-O O-O 10. Kh1 e6 11. f5 Nc6 12. fxg6 hxg6 13. Nxc6 bxc6 14. Bf4 e5 15.
Bg5 Nh7 16. Be3 Be6 17. a5 f5 18. Qd3 Nf6 19. Bb6 Qe7 20. Qg3 Kf7 21. exf5 gxf5
22. Bd3 e4 23. Be2 Rh8 24. Rad1 d5 25. Na4 Nd7 26. Bc7 Rag8 27. Bd6 Qf6 28. Bf4
Bf8 29. Qe3 Bh6 30. Bxa6 Qh4 31. h3 Bxf4 32. Rxf4 Qg5 33. Bf1 $6 {Diagramm [#]
Stärkt vermeintlich den Bauernschutz des weißen Königs und macht dem
a-Bauern den Weg frei. Das größte Problem für Weiß war aber ein anderes.} (
33. Qf2 $1 e3 34. Qf1 Nf6 35. Be2 Ne4 36. Rxe4 dxe4 37. Nc5 $44 {Das
Wichtigste für Weiß wäre es gewesen, den schwarzen Springer nicht nach g3
zu lassen, und das war extrem schwer zu sehen.}) 33... Nf6 {Diagramm [#] Der
schwarze Springer will nach g3 - jetzt ist es offensichtlich. Weiß muss
dringend etwas dagegen tun.} 34. Kg1 $2 {Aber das ist ganz falsch. Jetzt kann
Schwarz mit seinem nächsten Zug den für den weißen König lebenswichtigen
Schutz durch seine Bauern zerstören.} Rxh3 $1 35. Qxh3 {Was sonst?} Qxf4 36.
a6 $6 (36. Be2 {hätte dem weißen König noch ein Fluchtfeld eröffnet, aber
natürlich wäre es eine Verluststellung für den Anziehenden geblieben.})
36... Rg3 $1 {Ermöglicht das Schach auf e3, welches den weißen König auf
die h-Linie treibt, was wiederum die Partie sofort beendet.} 37. Qh2 Qe3+ 38.
Kh1 Rg7 {Diagramm [#] Jetzt ist die Stellung für Weiß hoffnungslos.} 39. Ra1
Rh7 40. Qxh7+ Nxh7 41. Nb6 Nf6 42. Ra3 Qe1 0-1

[Event "Tilburg"]
[Site "Tilburg"]
[Date "1990.09.09"]
[Round "3"]
[White "Short, Nigel D"]
[Black "Gelfand, Boris"]
[Result "0-1"]
[WhiteElo "2610"]
[BlackElo "2680"]
[Annotator "Boensch,U"]
[PlyCount "106"]
[EventDate "1990.09.??"]
[EventType "tourn"]
[EventRounds "14"]
[EventCountry "NED"]
[EventCategory "16"]
[SourceTitle "CBM 020"]
[Source "ChessBase"]
[SourceDate "1991.02.01"]
[SourceVersion "1"]
[SourceVersionDate "1991.02.01"]
[SourceQuality "1"]

1. e4 {Bönsch} c5 2. Nf3 d6 3. d4 cxd4 4. Nxd4 Nf6 5. Nc3 a6 6. f4 Nbd7 (6...
e5 7. Nf3 Nbd7 8. a4 Be7 9. Bd3 O-O 10. O-O Nc5 11. Kh1 exf4 12. Bxf4 Bg4 13.
h3 Bh5 14. Qe1 Re8 15. Nd4 Bg6 16. Rd1 {remis, Nunn - Portisch, Amsterdam 1990}
) 7. Be2 (7. a4 g6 8. Bc4 Bg7 9. Nf3 O-O 10. Qe2 e6 11. O-O Qc7 12. Kh1 d5 13.
exd5 Nb6 14. Bb3 Nbxd5 15. Nxd5 exd5 $10 {Sax - Gelfand, Manila (izt) 1990}) (
7. Nf3 e5 8. a4 d5 9. Nxd5 Nxe4 10. Be3 Bc5 11. Qd3 f5 12. fxe5 Bxe3 13. Nxe3
Qa5+ 14. c3 Nxe5 15. Qd4 $16 {Sax - Hulak, Moskau 1990 - Inf.49/293}) 7... e5
8. Nf5 Nc5 9. Ng3 Qb6 10. Rb1 Bd7 11. fxe5 dxe5 12. Be3 Qc6 13. O-O $6 (13. Bf3
Rd8 14. Nd5 Be6 15. c4 Ncxe4 16. Qb3 $14 {Vogt - Barczay, Warschau 1979 - Inf.
27/463}) 13... Ncxe4 14. Ncxe4 Nxe4 15. Nxe4 Qxe4 16. Qd2 Bc6 17. Bh5 g6 18.
Bf3 Qc4 19. Rbd1 Be7 20. Be2 Qe6 21. Qc3 {/\ Bc4} Bb5 $1 22. Bxb5+ axb5 23. Bh6
f6 24. Qc7 Rc8 $1 (24... Qc6 $2 25. Qxc6+ bxc6 26. Bg7 Rg8 27. Bxf6 $16) 25.
Qxb7 Qc6 26. Qxc6+ Rxc6 $15 27. h4 Kf7 (27... Rxc2 $2 28. Bg7) 28. Rd5 Bc5+ 29.
Kh2 Ke6 30. Rd3 f5 31. Rb3 Rb6 32. Rd1 Ra8 33. a3 Ra4 $1 34. g3 Rc4 35. Rd2 Rd6
36. c3 (36. Rxd6+ Kxd6 37. c3 (37. Bf8+ Kc6 38. Bxc5 Rxc2+ $19) 37... Kc6 $17)
36... Rxd2+ 37. Bxd2 Re4 38. Bg5 (38. Rxb5 Re2+ 39. Kh1 (39. Kh3 Bg1 $19) 39...
Bf2 40. Bg5 Bxg3 41. a4 f4 42. a5 f3 $19) 38... Re2+ 39. Kh1 Bf2 40. Kg2 Rc2
41. Rxb5 h6 $1 $19 42. Bxh6 Be3+ 43. Kf1 Bxh6 44. h5 Be3 (44... gxh5 $2 45.
Rb6+) 45. hxg6 Rf2+ 46. Ke1 Rg2 47. g7 Rxg3 48. Ke2 f4 49. Rb8 Rxg7 50. Kd3 Rf7
51. Ke4 f3 52. Kxe3 f2 53. Rb6+ Kd5 {2.10-2.07} 0-1

[Event "Capablanca Memorial Elite 31st"]
[Site "Cienfuegos"]
[Date "1996.??.??"]
[Round "2"]
[White "Wahls, Matthias"]
[Black "Vera Gonzalez Quevedo, Reynaldo"]
[Result "0-1"]
[WhiteElo "2555"]
[BlackElo "2495"]
[Annotator "Boensch,U"]
[PlyCount "48"]
[EventDate "1996.05.??"]
[EventType "tourn"]
[EventRounds "13"]
[EventCountry "CUB"]
[EventCategory "12"]
[SourceTitle "CBM 054"]
[Source "ChessBase"]
[SourceDate "1996.10.01"]
[SourceVersion "1"]
[SourceVersionDate "1996.10.01"]
[SourceQuality "1"]

1. e4 c5 2. Nf3 d6 3. d4 cxd4 4. Nxd4 Nf6 5. Nc3 a6 6. f4 Qc7 (6... g6 7. Nf3
Bg7 8. e5 Nh5 9. Be3 O-O 10. Nd5 Nc6 11. exd6 Qxd6 12. c3 Bg4 $15 {Polgar,
S-Hoelzl,F/Vienna Bawag (08) ;CBM 54_06 1996/0-1 (48)}) 7. Qf3 (7. Nf3 e6 8. a4
Be7 9. Bd3 Nbd7 10. O-O b6 11. Qe1 Bb7 12. Kh1 Nc5 13. b4 Nxd3 14. cxd3 $14 {
Polgar,J-Ljubojevic,L Monaco blind (08) 1993 1/4 65}) 7... g6 (7... Nc6 8. Nxc6
bxc6 9. b3 e5 10. Bb2 Bg4 11. Qg3 exf4 12. Qxf4 Be7 $10) 8. Be3 b5 (8... Bg7 9.
h3 Nc6 $6 (9... e5 $5 10. fxe5 dxe5 11. Bh6 $1 Bxh6 $2 (11... Nh5 $1 {Ivanchuk}
12. Bxg7 Nxg7 13. Nd5 Qa5+ 14. b4 Qd8 15. Nf6+ Kf8 16. Nb3 Nf5 $1 $13) (11...
O-O $4 12. Bxg7 Kxg7 13. Qxf6+ $1 Kxf6 14. Nd5+ Kg7 15. Nxc7 $18) 12. Qxf6 O-O
13. Nd5 Qa5+ 14. b4 $14 {Ivanchuk,V-Kasparov,G Amsterdam VSB (04) 1994 1-0 39})
10. O-O-O O-O 11. g4 e6 12. g5 Nd7 13. h4 b5 14. h5 b4 15. hxg6 hxg6 16. Nce2
Nxd4 17. Nxd4 e5 18. f5 exd4 19. Qh3 Re8 20. Bxd4 Bxd4 21. Rxd4 Kf8 22. f6 Nxf6
23. Qh6+ Ke7 24. gxf6+ $18 {1-0 Kornev,A-Dubinsky,R/Moscow op2 (04) ;EXP 50
1995 (33)}) 9. a3 (9. Bd3 Nbd7 10. O-O Bb7 11. a3 Bg7 12. Kh1 O-O 13. Bg1 Nb6
14. Qe2 Nfd7 $10 {0-1 Stefansson,H-Kasparov,G/Reykjavik TV 25' (01) ;EXP 46
1995 (40)}) 9... Nbd7 10. g4 Nc5 11. g5 Nfxe4 $1 12. Nxe4 Nxe4 13. Qxe4 Bb7 14.
Nxb5 axb5 15. Qd4 (15. Bxb5+ Kd8 16. Qd4 e5 17. fxe5 Qa5+ 18. b4 Qxb5 19. exd6
$13) 15... e5 $5 (15... Bxh1 16. Qxh8 b4 $132) 16. fxe5 Bg7 17. Bxb5+ Kf8 18.
O-O Bxe5 19. Qc4 Qe7 20. c3 (20. Rxf7+ Qxf7 21. Rf1 Bf3 22. Qxf7+ Kxf7 23.
Rxf3+ Ke6 $13) (20. Rae1 Rc8 21. Qb3 h6 22. Rxf7+ Qxf7 23. Rf1 Bf3 24. Qxf7+
Kxf7 25. Rxf3+ Ke6 $17) 20... Rc8 21. Qe2 (21. Qd3 Qe6 22. Rf2 (22. Bf4 $2 Rc5
23. Bg3 Qh3 24. Rf2 Bxg3 25. Qxg3 Qxg3+ 26. hxg3 Rxb5 $19) 22... Qg4+ 23. Kf1
Qh3+ 24. Ke2 $16) 21... h6 $1 22. gxh6 $4 (22. Rf2 hxg5 23. Bd4 $10) 22...
Bxh2+ $3 23. Qxh2 (23. Kxh2 Qh4+ 24. Kg1 Qg3+ $19) 23... Qxe3+ 24. Rf2 (24. Qf2
Qg5+ $19) 24... Rxh6 0-1